Az egészséges életmód kihívásai a Z generáció körében - A táplálkozás, az étrend-kiegészítők és a sportolás szerepe
| Szerző: | |
|---|---|
| További közreműködők: | |
| Dokumentumtípus: | Diplomadolgozat |
| Kulcsszavak: | egészség egészséges táplálkozás étrend-kiegészítők sport Z generáció |
| Online Access: | http://dolgozattar.uni-bge.hu/58686 |
MARC
| LEADER | 00000nta a2200000 i 4500 | ||
|---|---|---|---|
| 001 | dolg58686 | ||
| 005 | 20251027142238.0 | ||
| 008 | 251027suuuu hu om 000 hun d | ||
| 040 | |a BGE Dolgozattár Repozitórium |b hun | ||
| 041 | |a hu | ||
| 100 | 1 | |a Török Armand | |
| 245 | 1 | 3 | |a Az egészséges életmód kihívásai a Z generáció körében - A táplálkozás, az étrend-kiegészítők és a sportolás szerepe |c Török Armand |h [elektronikus dokumentum] |
| 520 | 3 | |a A szakdolgozatfókuszában a Z generáció egészséges életmódhozfűződő viszonya áll,kiemelve a táplálkozásiszokásokat, asport szerepét, a táplálék kiegészítőkkel kapcsolatos információkat és a nemzetközi trendeket. Amunka áttekinti a hazai éskülföldi szakirodalmat, elemzi a legfontosabbirányzatokat és feltárja a különböző tényezőket, amelyekbefolyásolhatják a fiatalokéletstílusát. A kutatás kvantitatív, kérdőíves módszerrelzajlott,mely átfogó képetfestett arról, hogy arésztvevők hogyan látjákéletvitelüket, mik a motivációik és milyenkihívásokkal szembesülnek acéljaik elérésesorán. | |
| 695 | |a egészség | ||
| 695 | |a egészséges táplálkozás | ||
| 695 | |a étrend-kiegészítők | ||
| 695 | |a sport | ||
| 695 | |a Z generáció | ||
| 700 | 1 | |a Jäckel Dr. Katalin |e ths | |
| 700 | 1 | |a Varga Dorottya |e ths | |
| 856 | 4 | 0 | |u http://dolgozattar.uni-bge.hu/58686/1/To%CC%88ro%CC%88k%20Armand_GXXJUG_Szakdolgozat.pdf |z Dokumentum-elérés |
| 856 | 4 | 0 | |u http://dolgozattar.uni-bge.hu/58686/2/T%C3%B6r%C3%B6k%20Armand.pdf |z Dokumentum-elérés |
| 856 | 4 | 0 | |u http://dolgozattar.uni-bge.hu/58686/3/Biralat_Torok_Armand.pdf |z Dokumentum-elérés |